000 01846nam a2200397 i 4500
001 31451
003 Mx-PuUPA
005 20260113105645.0
008 140415s2019 mx a gr 001 0 spa d
020 _a9781456270018
_qISBN-13
020 _a145627001
_qISBN-10
040 _cMx-PuUPA
_aMx-PuUPA
_bspa
_dMx-PuUPA
_erda
041 1 _aspa
_heng
100 1 _aPapalia, Diane E.,
_eautor
_94923
240 1 0 _aA Child's World: Infancy through Adolescence.
_lEspañol
245 1 0 _aPsicología del desarrollo :
_bde la infancia a la adolescencia /
_cDiane E. Papalia, Sally Wendkos Olds, Ruth Duskin Feldman ; traductoras, Susana Margarita Olivares Bari y Gloria Estela Padilla Sierra
250 _aSéptima edición /
_bespañol
264 1 _aCiudad de México :
_bMcGraw-Hill/Interamericana Editores,
_c©2009
300 _a1 volumen (paginación varia) :
_bilustraciones (blanco y negro) ;
_c27 cm
336 _atexto
_2rdacontent
_btxt
337 _asin medio
_2rdamedia
_bc
338 _avolumen
_2rdacarrier
_bcr
650 7 _2armarc
_aDesarollo infantil
650 7 _2armarc
_aPsicología infantil
650 7 _2armarc
_aAdolescencia
700 1 _aWendkos Olds, Sally,
_eautor
700 1 _aFeldman, Ruth Duskin,
_eautor
700 1 _aOlivares Bari, Susana Margarita,
_etraductor
700 1 _aPadilla Sierra, Gloria Estela,
_etraductor
765 1 _aPapalia, Diane E.
_tA Child's World: Infancy through Adolescence
_b11a. edición
_z0073531979
942 _2ddc
_cLI
_h305.231
_iP2318
999 _c31451
_d31451